UM Logo

Act II/ (Record no. 14974)

MARC details
000 -LEADER
fixed length control field 00473nam a22001457a 4500
008 - FIXED-LENGTH DATA ELEMENTS--GENERAL INFORMATION
fixed length control field 200204b ||||| |||| 00| 0 eng d
022 ## - INTERNATIONAL STANDARD SERIAL NUMBER
International Standard Serial Number 00116009
082 ## - DEWEY DECIMAL CLASSIFICATION NUMBER
Classification number DPer 792.805 D19 Mar 2016-Aug 2016 v. 90, n. 3-8
100 ## - MAIN ENTRY--PERSONAL NAME
Personal name Schaefer, Brian.
9 (RLIN) 41570
245 ## - TITLE STATEMENT
Title Act II/
Statement of responsibility, etc. Brian Schaefer.
260 ## - PUBLICATION, DISTRIBUTION, ETC. (IMPRINT)
Place of publication, distribution, etc. New York:
Name of publisher, distributor, etc. Dance Media,
Date of publication, distribution, etc. ©Mar-Aug 2016.
300 ## - PHYSICAL DESCRIPTION
Extent v.90, n. 4, pages 26-29.
Other physical details colored illustrations:
Dimensions 25 cm.
650 ## - SUBJECT ADDED ENTRY--TOPICAL TERM
Topical term or geographic name as entry element Ballet
General subdivision Succes.
9 (RLIN) 41571
942 ## - ADDED ENTRY ELEMENTS (KOHA)
Source of classification or shelving scheme Dewey Decimal Classification
Koha item type Periodicals
Holdings
Withdrawn status Lost status Source of classification or shelving scheme Damaged status Not for loan Collection code Home library Current library Date acquired Total Checkouts Full call number Date last seen Price effective from Koha item type Public note
    Dewey Decimal Classification     Periodicals UM Digos College - LIC UM Digos College - LIC 02/04/2020   DPer 792.805 D19 Mar-Aug 2016 v. 90, n. 3-8 02/04/2020 02/04/2020 Periodicals Periodical article